[Event "Rhein Main op-B 21st"]
[Site "Bad Homburg"]
[Date "2018.06.02"]
[Round "5"]
[White "Jahraus, Marlis"]
[Black "Kirchmann, Michael"]
[Result "0-1"]
[WhiteElo "1550"]
[BlackElo "1808"]
[PlyCount "148"]
[EventDate "2018.05.30"]
[EventType "swiss"]
[EventRounds "7"]
[EventCountry "GER"]
[SourceTitle "EXT 2019"]
[Source "ChessBase"]
[SourceDate "2018.10.10"]
[SourceVersion "1"]
[SourceVersionDate "2018.10.10"]
[SourceQuality "1"]

1. e4 c5 2. Be2 Nc6 3. f4 g6 4. Nf3 Bg7 5. 0-0 e6 6. c3 Nge7 7. Na3 0-0 8. Qe1 d5 9. e5 a6 10. Nc2 f6 11. d4 cxd4 12. cxd4 Qb6 13. Be3 Qxb2 14. Bd3 Qb6 15. Rb1 Qc7 16. g4 b5 17. Bc1 Rb8 18. Ba3 Rb7 19. Bd6 Qa5 20. Nb4 Nxb4 21. Bxb4 Qb6 22. Bc5 Qd8 23. a4 Bd7 24. axb5 Bxb5 25. Rf2 Qd7 26. Rfb2 fxe5 27. Bxb5 Rxb5 28. Rxb5 axb5 29. Nxe5 Bxe5 30. Qxe5 Nc6 31. Qe3 Rb8 32. Qe1 Rb7 33. Rb2 Qf7 34. f5 gxf5 35. gxf5 Qxf5 36. Rf2 Qe4 37. Rf8+ Kg7 38. Qg3+ Qg6 39. Rc8 Qxg3+ 40. hxg3 Na5 41. Re8 Kf7 42. Rf8+ Kg7 43. Re8 Kf6 44. Rf8+ Kg6 45. Re8 Kf6 46. Rf8+ Rf7 47. Rb8 Rb7 48. Rf8+ Rf7 49. Rb8 Nb3 50. Rxb5 Nxc5 51. Rxc5 Kf5 52. Rc1 Rf6 53. Re1 Kg4 54. Kg2 Rf3 55. Rxe6 Rxg3+ 56. Kf2 Rd3 57. Rh6 Rxd4 58. Rxh7 Re4 59. Rg7+ Kf5 60. Rf7+ Ke6 61. Rf3 d4 62. Kf1 Kd5 63. Ra3 Kc4 64. Rh3 d3 65. Rh8 Kc3 66. Rc8+ Kd2 67. Rd8 Kc2 68. Rc8+ Kd1 69. Rf8 d2 70. Rf7 Kc2 71. Rc7+ Kb3 72. Rb7+ Kc4 73. Rc7+ Kb5 74. Rd7 Re1+ 0-1

[Event "Rhein Main op-B 17th"]
[Site "Bad Homburg"]
[Date "2014.06.18"]
[Round "1"]
[White "Kirchmann, Michael"]
[Black "Zannoni, Mila"]
[Result "1-0"]
[WhiteElo "1813"]
[BlackElo "1443"]
[PlyCount "81"]
[EventDate "2014.06.18"]
[EventType "swiss"]
[EventRounds "9"]
[EventCountry "GER"]
[SourceTitle "CBM 161 Extra"]
[Source "ChessBase"]
[SourceDate "2014.08.29"]
[SourceVersion "1"]
[SourceVersionDate "2014.08.29"]
[SourceQuality "1"]

1. d4 d5 2. c4 c6 3. Nc3 Nf6 4. Nf3 e6 5. cxd5 exd5 6. Bg5 Be7 7. e3 Nbd7 8. Bd3 0-0 9. 0-0 Re8 10. Qc2 h6 11. Bf4 Nf8 12. Ne5 Be6 13. a3 Rc8 14. b4 Bd6 15. h3 Qe7 16. Na4 N8d7 17. Nxd7 Bxd7 18. Bxd6 Qxd6 19. Nc5 Rb8 20. Rfc1 Bc8 21. Rab1 Qe7 22. a4 Ne4 23. Bxe4 dxe4 24. b5 cxb5 25. Rxb5 b6 26. Rcb1 Bb7 27. Nxb7 Qxb7 28. a5 Rec8 29. Qb3 Qa6 30. axb6 axb6 31. Rf5 Rc7 32. Re5 Qa8 33. Rb5 Qa7 34. Kh2 Rc6 35. Re5 Qc7 36. g3 Rf6 37. Rb2 Rc6 38. Rxe4 Rc3 39. Qb5 Rc2 40. Re8+ Rxe8 41. Qxe8+ 1-0